[Event "FIDE Women's Grand Prix Batumi"]
[Site "Batumi GEO"]
[Date "2016.05.01"]
[EventDate "2016.04.20"]
[Round "10"]
[Result "1/2-1/2"]
[White "Anna Muzychuk"]
[Black "Olga Girya"]
[WhiteElo "2555"]
[BlackElo "2442"]
[PlyCount "240"]

1. e4 c6 2. d4 d5 3. e5 Bf5 4. h4 a6 5. h5 h6 6. g4 Bd7 7. Nc3
e6 8. Be3 c5 9. dxc5 Qc7 10. f4 Bxc5 11. Bxc5 Qxc5 12. Qd2 Ne7
13. O-O-O Qc7 14. Nf3 Nbc6 15. Bd3 O-O-O 16. g5 Kb8 17. Rdg1
Bc8 18. gxh6 gxh6 19. Rg7 Rdf8 20. Ne2 Qb6 21. c3 f6 22. exf6
Rxf6 23. Ne5 Qc5 24. Ng6 Re8 25. Bc2 Nf5 26. Rh7 d4 27. Ne5
Nxe5 28. fxe5 Qxe5 29. Nxd4 Nxd4 30. Qxd4 Qg5+ 31. Qd2 Qxd2+
32. Kxd2 e5 33. Be4 Rg8 34. Re1 Rg5 35. Bg6 Bf5 36. Rxh6 Bxg6
37. hxg6 Rd6+ 38. Kc1 Ka7 39. Re2 Rdxg6 40. Rxg6 Rxg6 41. Rxe5
Rg2 42. Rd5 Kb6 43. Rd2 Rg7 44. Kc2 Kc6 45. Rh2 Rf7 46. Rh6+
Kc7 47. b4 Rg7 48. a4 Rg5 49. a5 Rg3 50. Kb3 Rg4 51. Rh3 Rf4
52. c4 Rf5 53. Kc3 Rg5 54. Re3 Kc6 55. Kd4 Rg7 56. Re6+ Kd7
57. Kd5 Kc7 58. Re5 Rh7 59. Kc5 Rg7 60. Rf5 Rh7 61. Kd5 Kd7
62. b5 axb5 63. cxb5 Rh6 64. Rf7+ Kc8 65. Rf8+ Kd7 66. Kc5 Rg6
67. Rf5 Rh6 68. b6 Rh7 69. Kb5 Rh1 70. Rf7+ Kc8 71. Kc5 Rc1+
72. Kd4 Rd1+ 73. Kc3 Rc1+ 74. Kd2 Ra1 75. Rc7+ Kb8 76. Rc5 Rh1
77. Rg5 Rh8 78. Kc3 Kc8 79. Kc4 Rd8 80. Kc5 Rh8 81. Rf5 Rd8
82. Re5 Rh8 83. Kd6 Kd8 84. Re6 Rh1 85. Re5 Rh6+ 86. Kc5 Kd7
87. Rd5+ Kc8 88. Rf5 Rh8 89. Kd5 Kd7 90. Rf7+ Kc8 91. Kd6 Rd8+
92. Ke6 Rh8 93. Ke7 Rd8 94. Rf5 Rh8 95. Rf6 Rg8 96. Re6 Rh8
97. Rg6 Rh7+ 98. Ke6 Rh8 99. Rg7 Rh6+ 100. Ke7 Rh8 101. Rf7
Rd8 102. Rf5 Rh8 103. Rc5+ Kb8 104. Rg5 Kc8 105. Rf5 Rh7+
106. Ke6 Rh6+ 107. Kf7 Rh8 108. Rc5+ Kd7 109. Kg7 Ra8 110. Rh5
Kc6 111. Kf7 Rd8 112. Ke7 Rd7+ 113. Ke8 Rd1 114. Re5 Rd2
115. Ke7 Rd7+ 116. Kf6 Rd1 117. Re7 Rf1+ 118. Kg7 Kb5
119. Rxb7 Kxa5 120. Rf7 Rxf7+ 1/2-1/2

[Event "FIDE Women's Grand Prix Batumi"]
[Site "Batumi GEO"]
[Date "2016.05.02"]
[EventDate "2016.04.20"]
[Round "11"]
[Result "1/2-1/2"]
[White "Elina Danielian"]
[Black "Anna Muzychuk"]
[WhiteElo "2445"]
[BlackElo "2555"]
[PlyCount "37"]

1. d4 Nf6 2. c4 g6 3. Nc3 d5 4. cxd5 Nxd5 5. e4 Nxc3 6. bxc3
Bg7 7. Nf3 c5 8. Rb1 O-O 9. Be2 cxd4 10. cxd4 Qa5+ 11. Bd2
Qxa2 12. O-O Bg4 13. Bg5 h6 14. Be3 Nc6 15. Ra1 Qb2 16. Rb1
Qa2 17. Ra1 Qb2 18. Rb1 Qa2 19. Ra1 1/2-1/2

[Event "FIDE Women's Grand Prix Chengdu"]
[Site "Chengdu CHN"]
[Date "2016.07.02"]
[EventDate "2016.07.02"]
[Round "1.3"]
[Result "1/2-1/2"]
[White "Zhao Xue"]
[Black "Anna Muzychuk"]
[WhiteElo "2510"]
[BlackElo "2545"]
[PlyCount "85"]

1. d4 d5 2. c4 c6 3. Nf3 Nf6 4. Nc3 e6 5. Bg5 h6 6. Bxf6 Qxf6
7. Qb3 Nd7 8. Rd1 Qe7 9. e3 g6 10. Bd3 Bg7 11. O-O O-O
12. Rfe1 dxc4 13. Qxc4 Rb8 14. Bb1 c5 15. h4 b5 16. Qe2 Bb7
17. h5 gxh5 18. d5 Bxc3 19. bxc3 Bxd5 20. e4 Bc6 21. Nh2 Ne5
22. f4 Ng6 23. Rf1 Rfd8 24. Rxd8+ Rxd8 25. Qxh5 Qh4 26. Qxc5
Nxf4 27. Qe3 e5 28. Bc2 Rd6 29. Rf3 Rg6 30. g3 Nh5 31. Nf1 Nf6
32. Qxa7 Bxe4 33. Bxe4 Qxe4 34. Re3 Qc2 35. Qb8+ Kh7 36. Qxe5
Ng4 37. Re2 Qd3 38. Qe7 Qd5 39. Qe4 Qc5+ 40. Qd4 Qf5 41. Qe4
Qc5+ 42. Qd4 Qf5 43. Qe4 1/2-1/2

[Event "FIDE Women's Grand Prix Chengdu"]
[Site "Chengdu CHN"]
[Date "2016.07.03"]
[EventDate "2016.07.02"]
[Round "2.4"]
[Result "1/2-1/2"]
[White "Anna Muzychuk"]
[Black "Olga Girya"]
[WhiteElo "2545"]
[BlackElo "2444"]
[PlyCount "188"]

1. e4 c6 2. d4 d5 3. e5 Bf5 4. h4 Qc7 5. h5 f6 6. g4 Bd7
7. Qe2 e6 8. f4 c5 9. Nf3 Nc6 10. Be3 Nh6 11. Bh3 cxd4
12. Bxd4 Nxd4 13. Nxd4 fxe5 14. Qxe5 Qxe5+ 15. fxe5 Bc5 16. c3
Nf7 17. Nf3 Be3 18. Kd1 O-O-O 19. Na3 Rhf8 20. Re1 Ng5
21. Rxe3 Rxf3 22. Rxf3 Nxf3 23. Ke2 Nxe5 24. Rf1 h6 25. Ke3
Kc7 26. Rf4 Kd6 27. Bf1 Ke7 28. Be2 Nc6 29. Nc2 e5 30. Rf1 Be6
31. Rd1 Kf6 32. b3 Ke7 33. Bf3 a5 34. Be2 Rf8 35. Bf3 Rd8
36. Be2 Rc8 37. Bf3 e4 38. Be2 Ne5 39. Kd4 Nc6+ 40. Ke3 Ne5
41. Kd4 Kd6 42. Na3 Nc6+ 43. Ke3 Ke5 44. Nb5 Ne7 45. Rf1 Rg8
46. Nd4 Rc8 47. Kd2 Nc6 48. Ke3 Nxd4 49. cxd4+ Kd6 50. Kd2 Rc7
51. Rf8 Rc8 52. Rxc8 Bxc8 53. Ke3 Bd7 54. a3 Ke6 55. Kf4 Kf6
56. Bf1 Bc6 57. Be2 Bd7 58. Bf1 g6 59. hxg6 Kxg6 60. Be2 Kf6
61. Bf1 Bc6 62. Be2 Be8 63. Bf1 Bd7 64. Be2 Be8 65. Bf1 e3
66. Kxe3 Kg5 67. Bg2 Bf7 68. Kf3 Be6 69. Kg3 Bxg4 70. Bxd5 b6
71. b4 axb4 72. axb4 h5 73. Bc6 h4+ 74. Kh2 Kf4 75. Kg2 Bf5
76. Kh2 Bc8 77. Kg2 Bg4 78. Kh2 Bf5 79. Bb7 Bd7 80. Ba8 Bf5
81. Bc6 Be4 82. Be8 Ke3 83. Kh3 Kxd4 84. Kxh4 Kc4 85. Kg4 Kxb4
86. Kf4 Bc2 87. Ke3 Ba4 88. Bh5 Kc3 89. Be2 Bb3 90. Bb5 Bc4
91. Be8 Be6 92. Bc6 Bc4 93. Be8 b5 94. Bxb5 Bxb5 1/2-1/2

[Event "FIDE Women's Grand Prix Chengdu"]
[Site "Chengdu CHN"]
[Date "2016.07.04"]
[EventDate "2016.07.02"]
[Round "3.4"]
[Result "1/2-1/2"]
[White "Tan Zhongyi"]
[Black "Anna Muzychuk"]
[WhiteElo "2495"]
[BlackElo "2545"]
[PlyCount "80"]

1. d4 f5 2. c4 Nf6 3. g3 g6 4. Bg2 Bg7 5. Nf3 O-O 6. O-O d6
7. Nc3 Qe8 8. b3 e5 9. dxe5 dxe5 10. e4 Nc6 11. Nd5 Qd7
12. Ba3 Re8 13. exf5 e4 14. Ng5 Qxf5 15. Nxc7 Qxg5 16. Nxe8
Nxe8 17. Bxe4 Bh3 18. Re1 Nf6 19. Bxc6 bxc6 20. Qf3 Rc8
21. Bb2 Bg4 22. Qd3 Bf5 23. h4 Qg4 24. Qd4 Qxd4 25. Bxd4 Rc7
26. Rad1 Kf7 27. Be5 Re7 28. Bc3 Rxe1+ 29. Rxe1 h5 30. Bb4 Ne4
31. f3 Bd4+ 32. Kg2 Nc5 33. Bd2 Nd3 34. Re2 c5 35. a3 Bb2
36. Bg5 Bxa3 37. Re7+ Kg8 38. Re8+ Kf7 39. Re7+ Kg8 40. Re8+
Kf7 1/2-1/2

[Event "FIDE Women's Grand Prix Chengdu"]
[Site "Chengdu CHN"]
[Date "2016.07.05"]
[EventDate "2016.07.02"]
[Round "4.3"]
[Result "1/2-1/2"]
[White "Anna Muzychuk"]
[Black "Lela Javakhishvili"]
[WhiteElo "2545"]
[BlackElo "2487"]
[PlyCount "62"]

1. e4 c5 2. Nf3 Nc6 3. d4 cxd4 4. Nxd4 g6 5. c4 Nf6 6. Nc3 d6
7. Be2 Nxd4 8. Qxd4 Bg7 9. Be3 O-O 10. Qd2 Be6 11. O-O Qa5
12. Rab1 Rfc8 13. b3 a6 14. Rfc1 Qb4 15. a3 Qa5 16. f3 Nd7
17. a4 Qb4 18. Nd5 Qxd2 19. Bxd2 Bxd5 20. exd5 Bd4+ 21. Kf1 a5
22. Bd3 h5 23. Re1 Bf6 24. g3 Kg7 25. f4 Re8 26. Bc2 b6
27. Re2 Nc5 28. Rbe1 Ra7 29. Kg2 Rg8 30. h3 Kf8 31. h4 Kg7
1/2-1/2

[Event "FIDE Women's Grand Prix Chengdu"]
[Site "Chengdu CHN"]
[Date "2016.07.07"]
[EventDate "2016.07.01"]
[Round "5"]
[Result "1-0"]
[White "Ju Wenjun"]
[Black "Anna Muzychuk"]
[WhiteElo "2578"]
[BlackElo "2545"]
[PlyCount "105"]

1. c4 c6 2. Nf3 d5 3. g3 g6 4. d4 Bg7 5. Nbd2 Nh6 6. Bg2 Nf5
7. e3 O-O 8. O-O Nd7 9. Rb1 a5 10. b3 b5 11. Qc2 Ba6 12. Rd1
Rc8 13. c5 Re8 14. Bb2 Qc7 15. Bh3 e6 16. e4 Ne7 17. e5 b4
18. Nf1 Nf5 19. Re1 Rf8 20. Bc1 Rce8 21. Bf4 Bh6 22. Bxh6 Nxh6
23. Ng5 Bxf1 24. Kxf1 Kg7 25. Kg1 Nf5 26. Bxf5 gxf5 27. Re3
Qd8 28. Nh3 Rg8 29. a3 bxa3 30. b4 Kh8 31. Rxa3 Qh4 32. Kg2
Qxd4 33. bxa5 Nxe5 34. a6 Nc4 35. Ra2 Qxc5 36. Rb7 d4 37. Nf4
Qe5 38. Qxc4 Qxf4 39. Qxc6 Qe4+ 40. Qxe4 fxe4 41. Rxf7 Rgf8
42. Rb7 Rd8 43. Rc2 e3 44. fxe3 dxe3 45. a7 Kg8 46. Kh3 Ra8
47. Rcc7 Rf6 48. Rg7+ Kh8 49. Rxh7+ Kg8 50. Rhg7+ Kh8 51. Rg4
Rh6+ 52. Kg2 Rf6 53. Re4 1-0

[Event "FIDE Women's Grand Prix Chengdu"]
[Site "Chengdu CHN"]
[Date "2016.07.08"]
[EventDate "2016.07.01"]
[Round "6"]
[Result "1/2-1/2"]
[White "Anna Muzychuk"]
[Black "Dronavalli Harika"]
[WhiteElo "2545"]
[BlackElo "2526"]
[PlyCount "59"]

1. e4 e6 2. d4 d5 3. Nc3 Bb4 4. e5 c5 5. a3 Bxc3+ 6. bxc3 Ne7
7. Qg4 Qc7 8. Qxg7 Rg8 9. Qxh7 cxd4 10. Ne2 Nbc6 11. f4 dxc3
12. h4 Bd7 13. h5 O-O-O 14. Qd3 d4 15. h6 Rg6 16. h7 Rh8
17. Nxd4 Nxd4 18. Qxd4 Bc6 19. Rh2 Rg7 20. Qxa7 b6 21. Qxc7+
Kxc7 22. Be3 Rhxh7 23. Rxh7 Rxh7 24. g3 Rh1 25. O-O-O Nf5
26. Bf2 Rh2 27. Bg1 Rh1 28. Bf2 Rh2 29. Bg1 Rh1 30. Bf2
1/2-1/2

[Event "FIDE Women's Grand Prix Chengdu"]
[Site "Chengdu CHN"]
[Date "2016.07.09"]
[EventDate "2016.07.01"]
[Round "7"]
[Result "1/2-1/2"]
[White "Pia Cramling"]
[Black "Anna Muzychuk"]
[WhiteElo "2463"]
[BlackElo "2545"]
[PlyCount "35"]

1. d4 Nf6 2. Nf3 g6 3. c4 Bg7 4. Nc3 d5 5. cxd5 Nxd5 6. e4
Nxc3 7. bxc3 c5 8. Be3 Qa5 9. Bd2 O-O 10. Be2 Bg4 11. O-O Rd8
12. Rb1 cxd4 13. cxd4 Qxa2 14. Ra1 Qb2 15. Rb1 Qa2 16. Ra1 Qb2
17. Rb1 Qa2 18. Ra1 1/2-1/2

[Event "FIDE Women's Grand Prix Chengdu"]
[Site "Chengdu CHN"]
[Date "2016.07.10"]
[EventDate "2016.07.01"]
[Round "8"]
[Result "1/2-1/2"]
[White "Mariya Muzychuk"]
[Black "Anna Muzychuk"]
[WhiteElo "2545"]
[BlackElo "2545"]
[PlyCount "42"]

1. d4 Nf6 2. c4 e6 3. Nc3 Bb4 4. Qc2 O-O 5. e4 d5 6. e5 Ne4
7. Bd3 c5 8. Nge2 cxd4 9. Nxd4 Nd7 10. Bf4 Qh4 11. g3 Qh3
12. O-O-O Bxc3 13. bxc3 Nb6 14. cxd5 exd5 15. f3 Nc5 16. Bf5
Bxf5 17. Qxf5 Qg2 18. Qc2 Qh3 19. Qf5 Qg2 20. Qc2 Qh3 21. Qf5
Qg2 1/2-1/2

[Event "FIDE Women's Grand Prix Chengdu"]
[Site "Chengdu CHN"]
[Date "2016.07.14"]
[EventDate "2016.07.01"]
[Round "11"]
[Result "1-0"]
[White "Anna Muzychuk"]
[Black "Bela Khotenashvili"]
[WhiteElo "2545"]
[BlackElo "2454"]
[PlyCount "103"]

1. e4 c6 2. d4 d5 3. Nc3 dxe4 4. Nxe4 Bf5 5. Ng3 Bg6 6. Nf3
Nd7 7. Bd3 e6 8. O-O Ngf6 9. Bxg6 hxg6 10. Re1 Be7 11. Bg5 Nd5
12. Qd2 Qc7 13. c4 Bb4 14. Qc2 N5f6 15. Re2 Bd6 16. Rae1 O-O
17. Ne4 Bf4 18. h4 Rfe8 19. g3 Bd6 20. a3 Nxe4 21. Qxe4 c5
22. b4 b6 23. dxc5 bxc5 24. Rd1 Nb6 25. Red2 Bf8 26. Ne5 cxb4
27. axb4 Bxb4 28. Rd7 Nxd7 29. Rxd7 Qa5 30. Rxf7 Qxe5 31. Qxe5
Kxf7 32. c5 Ba5 33. Qf4+ Kg8 34. Qe4 Kf7 35. Qb7+ Kg8 36. Qe4
Kf7 37. Qb7+ Kg8 38. Bf4 Bc3 39. Qa6 Bd4 40. Bd6 Rad8 41. Kg2
e5 42. Qc4+ Kh7 43. Qf7 a5 44. g4 e4 45. g5 e3 46. h5 Be5
47. fxe3 Bxd6 48. hxg6+ Kh8 49. cxd6 Re4 50. Qf5 Rh4 51. d7
Rb8 52. Qe5 1-0

[Event "Chess Olympiad (Women)"]
[Site "Tromso NOR"]
[Date "2016.09.10"]
[EventDate "2016.09.02"]
[Round "8.3"]
[Result "1/2-1/2"]
[White "Hoang Thanh Trang"]
[Black "Anna Muzychuk"]
[WhiteElo "2467"]
[BlackElo "2550"]
[PlyCount "35"]

1. d4 Nf6 2. c4 g6 3. Nc3 d5 4. cxd5 Nxd5 5. e4 Nxc3 6. bxc3
Bg7 7. Nf3 c5 8. Be3 Qa5 9. Bd2 O-O 10. Be2 Bg4 11. O-O Rd8
12. Rb1 cxd4 13. cxd4 Qxa2 14. Ra1 Qb2 15. Rb1 Qa2 16. Ra1 Qb2
17. Rb1 Qa2 18. Ra1 1/2-1/2

[Event "Chess Olympiad (Women)"]
[Site "Tromso NOR"]
[Date "2016.09.12"]
[EventDate "2016.09.02"]
[Round "10.2"]
[Result "1/2-1/2"]
[White "Dronavalli Harika"]
[Black "Anna Muzychuk"]
[WhiteElo "2542"]
[BlackElo "2550"]
[PlyCount "67"]

1. e4 e5 2. Nc3 Nf6 3. Bc4 Nxe4 4. Qh5 Nd6 5. Qxe5+ Qe7
6. Qxe7+ Bxe7 7. Bb3 Nf5 8. Nf3 c6 9. O-O d5 10. Re1 O-O
11. Ne2 Re8 12. c3 Nd7 13. Bc2 Nf8 14. d4 Nh4 15. Nxh4 Bxh4
16. a4 Bg4 17. Kf1 Bh5 18. a5 a6 19. Bd2 Bg6 20. Bxg6 Nxg6
21. b3 Nf8 22. g3 Bf6 23. Be3 Ne6 24. Ra2 Rad8 25. Nc1 c5
26. Ne2 cxd4 27. Bxd4 Nxd4 28. Nxd4 Rxe1+ 29. Kxe1 Rc8 30. Kd2
Bxd4 31. cxd4 Kf8 32. Ra4 Ke7 33. Rb4 Rb8 34. Rb6 1/2-1/2

[Event "5th Karpov Trophy Prelim"]
[Site "Cap d'Agde FRA"]
[Date "2016.10.22"]
[EventDate "2016.10.21"]
[Round "3.4"]
[Result "0-1"]
[White "Anna Muzychuk"]
[Black "Romain Edouard"]
[WhiteElo "2561"]
[BlackElo "2628"]
[PlyCount "106"]

1. e4 c5 2. Nf3 Nc6 3. Bb5 d6 4. O-O Bd7 5. Re1 Nf6 6. c3 a6
7. Bxc6 Bxc6 8. d4 Bxe4 9. Bg5 Bc6 10. Bxf6 gxf6 11. d5 Bd7
12. Nbd2 e5 13. dxe6 Bxe6 14. Nc4 d5 15. Ne3 Be7 16. Qa4+ Qd7
17. Qxd7+ Kxd7 18. Nxd5 Bxd5 19. Rad1 Kc6 20. Rxe7 Rhe8
21. Rxe8 Rxe8 22. b3 Bxf3 23. gxf3 Re2 24. Rd8 Rxa2 25. Rc8+
Kb6 26. Rh8 Rc2 27. c4 Rc3 28. Rxh7 Rxb3 29. Rxf7 Rxf3 30. Kg2
Rf5 31. h4 Rf4 32. Kg3 Rxc4 33. h5 Rc1 34. Kg2 Re1 35. h6 a5
36. Rxf6+ Kb5 37. Rf7 b6 38. h7 Re8 39. f4 a4 40. Rg7 Rh8
41. Kf3 a3 42. Ra7 a2 43. Rxa2 Rxh7 44. f5 c4 45. Ke4 c3
46. Kd3 Rh3+ 47. Kc2 Kb4 48. Ra6 b5 49. Rc6 Rh2+ 50. Kd3 Rd2+
51. Ke3 Kb3 52. f6 Rd1 53. Ke2 Rd7 0-1

[Event "5th Karpov Trophy Prelim"]
[Site "Cap d'Agde FRA"]
[Date "2016.10.22"]
[EventDate "2016.10.21"]
[Round "4.4"]
[Result "0-1"]
[White "Dronavalli Harika"]
[Black "Anna Muzychuk"]
[WhiteElo "2528"]
[BlackElo "2561"]
[PlyCount "112"]

1. d4 Nf6 2. c4 g6 3. Nc3 d5 4. cxd5 Nxd5 5. Bd2 Bg7 6. e4
Nxc3 7. Bxc3 O-O 8. Qd2 Nd7 9. Nf3 b6 10. Bd3 e6 11. O-O c5
12. Bb5 Bb7 13. Bxd7 Qxd7 14. dxc5 Qxd2 15. Nxd2 Bxc3 16. bxc3
Rfd8 17. Rfd1 bxc5 18. f3 Rd3 19. Nb3 Rxc3 20. Rac1 Rxc1
21. Rxc1 Rc8 22. Rxc5 Rxc5 23. Nxc5 Bc6 24. e5 f6 25. f4 fxe5
26. fxe5 Bd5 27. a3 g5 28. g4 Kg7 29. Kf2 h5 30. h3 Kg6
31. Nd3 h4 32. Nc5 Kf7 33. Ke3 Bg2 34. Ne4 Kg6 35. Nf2 Kf7
36. Ne4 Kg6 37. Nf2 Kg7 38. Kd4 Kf8 39. Kc5 Ke7 40. Kb5 Kd7
41. Kc5 Kc7 42. Kb5 Bf1+ 43. Kc5 Kd7 44. a4 Kc7 45. Kd4 Kc6
46. a5 a6 47. Ke4 Kc5 48. Ke3 Kd5 49. Ne4 Bxh3 50. Nxg5 Bxg4
51. Kf4 Bf5 52. Nf3 h3 53. Kg3 Ke4 54. Kf2 Kf4 55. Nd4 Kxe5
56. Ke3 Be4 0-1

[Event "5th Karpov Trophy Prelim"]
[Site "Cap d'Agde FRA"]
[Date "2016.10.23"]
[EventDate "2016.10.21"]
[Round "5.3"]
[Result "0-1"]
[White "Anna Muzychuk"]
[Black "Anatoly Karpov"]
[WhiteElo "2561"]
[BlackElo "2628"]
[PlyCount "132"]

1. e4 c6 2. d4 d5 3. Nc3 dxe4 4. Nxe4 Nd7 5. Nf3 Ngf6 6. Nxf6+
Nxf6 7. c3 Bg4 8. h3 Bxf3 9. Qxf3 Qd5 10. Be2 e6 11. Qg3 Rd8
12. Be3 Ne4 13. Qc7 Nd6 14. c4 Nxc4 15. Qxb7 Nxe3 16. fxe3 Bd6
17. O-O O-O 18. Rac1 Qg5 19. Rf3 c5 20. Rcf1 cxd4 21. exd4 Be7
22. Qxa7 Rxd4 23. Kh1 Rd2 24. Qe3 Qxe3 25. Rxe3 Rxb2 26. Bc4
Rd8 27. Rb3 Rc2 28. Rb7 Bf6 29. Bb3 Rb2 30. Rc1 h5 31. Rbc7 h4
32. Rc8 Rxc8 33. Rxc8+ Kh7 34. Rc1 Kh6 35. Rd1 Be5 36. Kg1 g5
37. Kf1 Bg3 38. Rc1 Rf2+ 39. Kg1 Re2 40. Bc4 Re3 41. a4 Ra3
42. Bb5 Kg6 43. Kf1 f5 44. Rc6 Kf6 45. Rc2 e5 46. Rc6+ Ke7
47. Rg6 Ra1+ 48. Ke2 Ra2+ 49. Kd3 e4+ 50. Kc4 Bf4 51. Rg7+ Kf6
52. Rg8 Rxg2 53. a5 Ra2 54. a6 e3 55. Re8 g4 56. hxg4 fxg4
57. Kb3 Ra1 58. Ba4 Bd6 59. Bd7 Be7 60. Bxg4 Rxa6 61. Kc2 Rd6
62. Rh8 Kg5 63. Bf3 Kf4 64. Bh5 Rd2+ 65. Kc3 Bf6+ 66. Kc4 Bxh8
0-1

[Event "5th Karpov Trophy Prelim"]
[Site "Cap d'Agde FRA"]
[Date "2016.10.23"]
[EventDate "2016.10.21"]
[Round "6.1"]
[Result "1-0"]
[White "Etienne Bacrot"]
[Black "Anna Muzychuk"]
[WhiteElo "2692"]
[BlackElo "2561"]
[PlyCount "47"]

1. c4 c5 2. Nf3 Nc6 3. d4 cxd4 4. Nxd4 Nf6 5. Nc3 e6 6. Bf4 d5
7. e3 Bc5 8. cxd5 Nxd5 9. Nxc6 bxc6 10. Be5 Qg5 11. Bg3 Nxc3
12. bxc3 O-O 13. Be2 Rd8 14. Qa4 Bb6 15. O-O Qa5 16. Qc4 Bb7
17. Rfb1 Rd2 18. a4 Rad8 19. Bf1 Ba8 20. Bh4 g5 21. Bg3 Qd5
22. a5 Bxa5 23. Qxd5 R2xd5 24. c4 1-0

[Event "5th Karpov Trophy Prelim"]
[Site "Cap d'Agde FRA"]
[Date "2016.10.24"]
[EventDate "2016.10.21"]
[Round "7.2"]
[Result "1-0"]
[White "Anna Muzychuk"]
[Black "Sabrina Vega Gutierrez"]
[WhiteElo "2561"]
[BlackElo "2414"]
[PlyCount "111"]

1. e4 c5 2. Nf3 Nc6 3. Nc3 Nf6 4. Bb5 g6 5. h3 Bg7 6. e5 Ng8
7. Bxc6 dxc6 8. Ne4 b6 9. d3 Nh6 10. Ng3 f6 11. Qe2 O-O
12. O-O fxe5 13. Nxe5 Qd5 14. Nc4 Nf5 15. Nxf5 Bxf5 16. Bd2 b5
17. Ne3 Qd6 18. Bc3 Bxc3 19. bxc3 c4 20. dxc4 Qe5 21. Rfe1 Be6
22. Ng4 Qxe2 23. Rxe2 Bxg4 24. hxg4 Rad8 25. cxb5 cxb5 26. Rb1
a6 27. c4 bxc4 28. Rb7 Rf7 29. Rc7 Rd1+ 30. Kh2 Rd4 31. f3 g5
32. c3 Rd6 33. Rxc4 Kg7 34. Kg3 Kf6 35. Rc5 e6 36. Rb2 Rfd7
37. Rc8 Rd2 38. Rcb8 Ke5 39. R8b6 Rxb2 40. Rxb2 Rc7 41. Rb3
Kd5 42. Ra3 Rc6 43. Ra5+ Kc4 44. Rxg5 Kxc3 45. Rg7 h6 46. Rg6
Kb2 47. Rxh6 Kxa2 48. g5 a5 49. g6 Rc8 50. Kf4 a4 51. Ke5 a3
52. g7 Kb3 53. Rxe6 a2 54. Rb6+ Kc2 55. Ra6 Kb1 56. Rxa2 1-0

[Event "5th Karpov Trophy Prelim"]
[Site "Cap d'Agde FRA"]
[Date "2016.10.24"]
[EventDate "2016.10.21"]
[Round "8.2"]
[Result "1/2-1/2"]
[White "Anna Muzychuk"]
[Black "Matthieu Cornette"]
[WhiteElo "2561"]
[BlackElo "2599"]
[PlyCount "53"]

1. e4 d6 2. d4 Nf6 3. Nc3 e5 4. Nf3 Nbd7 5. Bc4 Be7 6. a4 O-O
7. O-O exd4 8. Nxd4 Nb6 9. Be2 a5 10. Re1 d5 11. exd5 Nbxd5
12. Nxd5 Nxd5 13. Bf3 Bf6 14. c3 c6 15. h3 h6 16. Nb3 Nb6
17. Qxd8 Rxd8 18. Bf4 Nc4 19. Bc7 Rf8 20. Re2 Bf5 21. Nc5 Rac8
22. Bg3 g5 23. Bg4 Bxg4 24. hxg4 Rfe8 25. Rxe8+ Rxe8 26. Nxb7
Re2 27. Rb1 1/2-1/2

[Event "5th Karpov Trophy Prelim"]
[Site "Cap d'Agde FRA"]
[Date "2016.10.25"]
[EventDate "2016.10.21"]
[Round "10.3"]
[Result "0-1"]
[White "Romain Edouard"]
[Black "Anna Muzychuk"]
[WhiteElo "2628"]
[BlackElo "2561"]
[PlyCount "78"]

1. Nf3 c5 2. e4 Nc6 3. Nc3 Nf6 4. Bb5 g6 5. h3 Nd4 6. Ba4 Bg7
7. e5 Nh5 8. O-O Nxf3+ 9. Qxf3 Bxe5 10. g4 Ng7 11. Re1 f6
12. Ne4 Ne6 13. Bb3 Nd4 14. Qe3 Nxb3 15. Qxb3 Qc7 16. d4 Bxd4
17. Be3 c4 18. Qa3 Be5 19. f4 d5 20. fxe5 dxe4 21. Bf4 O-O
22. Rxe4 f5 23. e6 Qb6+ 24. Re3 Bxe6 25. Qxe7 Rae8 26. Qd6
fxg4 27. Re1 gxh3 28. Qxb6 axb6 29. Bc7 Bd7 30. Bxb6 Rxe3
31. Rxe3 Rf5 32. Bd8 Rd5 33. Re2 Bg4 34. Re8+ Kf7 35. Rh8 Rd1+
36. Kh2 Rd2+ 37. Kg3 Rg2+ 38. Kf4 Kg7 39. Re8 h2 0-1

[Event "5th Karpov Trophy Prelim"]
[Site "Cap d'Agde FRA"]
[Date "2016.10.26"]
[EventDate "2016.10.21"]
[Round "11.3"]
[Result "1/2-1/2"]
[White "Anna Muzychuk"]
[Black "Dronavalli Harika"]
[WhiteElo "2561"]
[BlackElo "2528"]
[PlyCount "65"]

1. e4 c5 2. Nf3 e6 3. d4 cxd4 4. Nxd4 Nc6 5. Nc3 Qc7 6. f4 a6
7. Be2 b5 8. Nxc6 Qxc6 9. Bf3 Bb7 10. Be3 Qc7 11. Qd3 Rc8
12. O-O Bc5 13. Rad1 Ne7 14. Bxc5 Qxc5+ 15. Rf2 Rc7 16. e5 b4
17. Ne4 Bxe4 18. Bxe4 a5 19. a3 bxa3 20. bxa3 g6 21. Qd6 Nc8
22. Qxc5 Rxc5 23. Rfd2 Rc7 24. Rb1 Ke7 25. Rb5 Rc4 26. Bf3 a4
27. Rb7 Rd8 28. Be2 Rxf4 29. Bb5 Kf8 30. Rb8 Ke7 31. Rb7 Kf8
32. Rb8 Ke7 33. Rb7 1/2-1/2

[Event "5th Karpov Trophy Prelim"]
[Site "Cap d'Agde FRA"]
[Date "2016.10.26"]
[EventDate "2016.10.21"]
[Round "12.2"]
[Result "1/2-1/2"]
[White "Anatoly Karpov"]
[Black "Anna Muzychuk"]
[WhiteElo "2628"]
[BlackElo "2561"]
[PlyCount "90"]

1. d4 Nf6 2. c4 g6 3. g3 c5 4. d5 Bg7 5. Nc3 d6 6. Bg2 O-O
7. Nh3 a6 8. a4 b5 9. axb5 Nbd7 10. Bd2 Nb6 11. b3 axb5
12. Rxa8 Nxa8 13. Nxb5 Bd7 14. Nc3 Qb6 15. Na2 Bxh3 16. Bxh3
Ne4 17. Nc1 Nxd2 18. Qxd2 Nc7 19. Bd7 Ra8 20. O-O Ra1 21. Ba4
Na6 22. Nd3 Rxf1+ 23. Kxf1 Nb4 24. Nf4 Qb7 25. e4 Qc8 26. Kg2
Bh6 27. Qe2 Bg7 28. h4 Be5 29. Nh3 h6 30. h5 g5 31. f4 gxf4
32. gxf4 Bd4 33. Kg3 Kh8 34. Kh2 Qg8 35. Qg2 Nd3 36. Qxg8+
Kxg8 37. Kg3 Kg7 38. Kf3 f5 39. exf5 Kf6 40. Ke2 Nc1+ 41. Kd2
Na2 42. Bd7 Nb4 43. Ke2 Na2 44. Kd2 Nb4 45. Ke2 Na2 1/2-1/2

[Event "5th Karpov Trophy Prelim"]
[Site "Cap d'Agde FRA"]
[Date "2016.10.27"]
[EventDate "2016.10.21"]
[Round "13.2"]
[Result "0-1"]
[White "Anna Muzychuk"]
[Black "Etienne Bacrot"]
[WhiteElo "2561"]
[BlackElo "2692"]
[PlyCount "78"]

1. e4 c5 2. Nf3 d6 3. d4 cxd4 4. Nxd4 Nf6 5. Nc3 a6 6. Be3 e5
7. Nf3 Be7 8. Bc4 O-O 9. O-O Be6 10. Bxe6 fxe6 11. Na4 Ng4
12. Qd3 Nd7 13. Qb3 Kh8 14. Qxe6 Ndf6 15. Ng5 Qe8 16. h3 Nxe3
17. fxe3 h6 18. Nb6 Rd8 19. Nd5 hxg5 20. Qxe7 Qxe7 21. Nxe7
Kh7 22. Nd5 Nxe4 23. Rxf8 Rxf8 24. Rf1 Rc8 25. c3 Rc5 26. Rd1
Kg6 27. Kf1 Kf5 28. Ke2 Ke6 29. Nb4 Rc8 30. Kf3 Nf6 31. e4 Rf8
32. Ke3 g4 33. Nd5 gxh3 34. gxh3 Rh8 35. Rh1 Nxd5+ 36. exd5+
Kxd5 37. h4 Rh5 38. Rd1+ Kc6 39. Rg1 Rxh4 0-1

[Event "5th Karpov Trophy Prelim"]
[Site "Cap d'Agde FRA"]
[Date "2016.10.27"]
[EventDate "2016.10.21"]
[Round "14.2"]
[Result "1/2-1/2"]
[White "Sabrina Vega Gutierrez"]
[Black "Anna Muzychuk"]
[WhiteElo "2414"]
[BlackElo "2561"]
[PlyCount "99"]

1. e4 c5 2. Nf3 e6 3. d4 cxd4 4. Nxd4 a6 5. Be2 Nf6 6. Nc3 Qc7
7. O-O Bb4 8. Qd3 Nc6 9. Kh1 Ne5 10. Qg3 Bxc3 11. bxc3 O-O
12. Nf3 d6 13. Nxe5 dxe5 14. Bh6 Ne8 15. c4 Bd7 16. Rab1 Bc6
17. f3 Qa5 18. Be3 Nf6 19. Bh6 Ne8 20. Be3 f6 21. Qh3 f5
22. Bd3 g6 23. Bb6 Qxa2 24. Qg3 Qa3 25. exf5 exf5 26. Qxe5 Qd6
27. Qa5 Ng7 28. Bc5 Qd8 29. Qa1 Rf7 30. Rbd1 Qh4 31. Rfe1 Re8
32. Bd6 Qf2 33. Rxe8+ Nxe8 34. Rf1 Qh4 35. c5 Nxd6 36. cxd6
Rf8 37. Re1 Qf6 38. Bc4+ Kh8 39. Qd1 Re8 40. Rxe8+ Bxe8 41. h3
Bd7 42. Qd5 Kg7 43. Qxb7 Qa1+ 44. Kh2 Qe5+ 45. Kh1 Qe1+
46. Kh2 Qe5+ 47. Kh1 Qe1+ 48. Kh2 Qe5+ 49. Kh1 Qe1+ 50. Kh2
1/2-1/2

[Event "Beautiful Minds"]
[Site "Munich GER"]
[Date "2016.11.26"]
[EventDate "2016.11.26"]
[Round "1.5"]
[Result "1-0"]
[White "Anna Muzychuk"]
[Black "Stefan E S Kindermann"]
[WhiteElo "2561"]
[BlackElo "2509"]
[PlyCount "79"]

1. e4 e6 2. d4 d5 3. Nc3 Nf6 4. e5 Nfd7 5. f4 c5 6. Nf3 Nc6
7. Be3 cxd4 8. Nxd4 Bc5 9. Qd2 O-O 10. O-O-O a6 11. Nb3 Bb4
12. Bd3 b5 13. g4 Na5 14. Bd4 Nxb3+ 15. cxb3 Bc5 16. Ne2 Bxd4
17. Nxd4 Nc5 18. Qc2 Nxd3+ 19. Rxd3 f6 20. Nc6 Qe8 21. Rh3 g6
22. exf6 Rxf6 23. Ne5 Bb7 24. Kb1 Rc8 25. Qd2 Qe7 26. Re1 Rcf8
27. f5 Qg7 28. fxg6 hxg6 29. Rh6 g5 30. Rh5 Rf4 31. h3 d4
32. Nd3 Bd5 33. Nxf4 Rxf4 34. Rc1 Bb7 35. Ka1 e5 36. Qb4 d3
37. Qd6 e4 38. Qc5 d2 39. Rd1 e3 40. Qxe3 1-0